000 00470nam a2200157 i 4500
001 46771
003 ES-MaACL
005 20230906161438.0
007 t|
008 030401s1964 sp ||||1| spa d
111 2 _aCongreso General de la Unión Médica Mediterránea (
_n3º.
_d1963.
_cSan Sebastián)
_9375
245 1 0 _aLibro de actas.
260 _aZarauz :
_b[s.n.,
_c1964]
300 _aLX, 394 p., 2 lám. :
_bil. ;
_c25 cm.
852 _aES-MaACL
_jC-26339
_bR.55381
999 _c46771
_d46771